[Event "Chorzow 2011"]
[Site "Chorzow"]
[Date "2011.03.29"]
[Round "5.1"]
[White "Koziak, Vitali"]
[Black "Kastelik, Adrian"]
[Result "1-0"]
[WhiteElo "2471"]
[BlackElo "1996"]
[PlyCount "91"]
[EventDate "2011.??.??"]

1. e4 e5 2. Nf3 Nc6 3. Bb5 Nf6 4. O-O Nxe4 5. d4 Nd6 6. Bxc6 dxc6 7. dxe5 Nf5
8. Qxd8+ Kxd8 9. Nc3 h6 10. b3 Bd7 11. Bb2 Kc8 12. Rad1 b6 13. Rd3 Be7 14. Rfd1
Be6 15. Ne2 c5 16. c4 a5 17. Nd2 g5 18. a4 Kb7 19. Ne4 Rhd8 20. f4 Rxd3 21.
Rxd3 Nh4 22. fxg5 hxg5 23. Kf2 Nf5 24. h3 Rg8 25. g4 Nh4 26. N2g3 Ng6 27. Nh5
Rh8 28. Nef6 c6 29. Ke3 Kc7 30. Ke4 Bxf6 31. exf6 Bc8 32. Ng7 Nf4 33. Be5+ Kb7
34. Bxf4 gxf4 35. Kxf4 Rh6 36. Ke5 b5 37. g5 bxc4 38. bxc4 Rh8 39. g6 Rf8 40.
gxf7 Rxf7 41. Ne8 Rh7 42. f7 Rh5+ 43. Kf6 Rf5+ 44. Ke7 Re5+ 45. Kd8 Rf5 46.
Nd6+ 1-0

[Event "Chorzow 2011"]
[Site "Chorzow"]
[Date "2011.03.29"]
[Round "5.2"]
[White "Piesik, Piotr"]
[Black "Kalinin, Oleg"]
[Result "1/2-1/2"]
[WhiteElo "2216"]
[BlackElo "2375"]
[PlyCount "41"]
[EventDate "2011.??.??"]

1. e4 c5 2. Nf3 e6 3. d4 cxd4 4. Nxd4 Nc6 5. Nb5 d6 6. c4 Nf6 7. N1c3 a6 8. Na3
b6 9. Be2 Bb7 10. O-O Nb8 11. f3 Nbd7 12. Bf4 Qc7 13. Qd2 Rd8 14. Rad1 Ne5 15.
Kh1 Be7 16. Bg3 O-O 17. f4 Nc6 18. Bf3 Na5 19. Rc1 Qb8 20. Qe3 Nd7 21. b4
1/2-1/2

[Event "Chorzow 2011"]
[Site "Chorzow"]
[Date "2011.03.29"]
[Round "5.3"]
[White "Polok, Kacper"]
[Black "Osipow, Nikolaj"]
[Result "1/2-1/2"]
[WhiteElo "2046"]
[BlackElo "2179"]
[PlyCount "65"]
[EventDate "2011.??.??"]

1. d4 d5 2. Nc3 Bf5 3. Nf3 Nf6 4. Bg5 e6 5. e3 Be7 6. Bd3 Bxd3 7. Qxd3 Nbd7 8.
O-O-O c6 9. h3 Qa5 10. Bxf6 Nxf6 11. Kb1 Bb4 12. Ne2 Ne4 13. Rhf1 O-O 14. c3
Bd6 15. Nd2 Nxd2+ 16. Rxd2 b5 17. Nc1 Qb6 18. e4 Bf4 19. Re2 Bxc1 20. Rxc1 Rad8
21. e5 c5 22. f4 Rc8 23. Rec2 g6 24. g4 cxd4 25. cxd4 Rc4 26. Rxc4 bxc4 27. Qe3
Rb8 28. Rc2 Kf8 29. h4 Ke8 30. Rh2 Qb4 31. Rc2 a5 32. Qc3 Ke7 33. Kc1 1/2-1/2

[Event "Chorzow 2011"]
[Site "Chorzow"]
[Date "2011.03.30"]
[Round "5.4"]
[White "Jelonek, Michal"]
[Black "Juroszek, Tadeusz"]
[Result "0-1"]
[WhiteElo "2039"]
[BlackElo "2355"]
[PlyCount "94"]
[EventDate "2011.??.??"]

1. Nf3 g6 2. c4 Bg7 3. Nc3 e5 4. d3 d6 5. g3 Nf6 6. Bg2 O-O 7. O-O Nc6 8. Rb1
a5 9. a3 Re8 10. e4 Bg4 11. h3 Bxf3 12. Bxf3 Nd7 13. b4 axb4 14. axb4 Nf8 15.
Bg2 h5 16. Be3 h4 17. Qd2 Ne6 18. Ne2 hxg3 19. fxg3 Ncd4 20. Nxd4 exd4 21. Bf2
Be5 22. Ra1 b5 23. cxb5 Qd7 24. Bf3 Qxb5 25. Bg4 Rab8 26. Be1 Kg7 27. Ra7 Rb7
28. Ra5 Qd7 29. Qf2 Qe7 30. Bd2 f6 31. h4 Rh8 32. Rfa1 Nd8 33. Qf3 Nf7 34. Ra8
Rxa8 35. Rxa8 c5 36. Bc8 Ra7 37. Rxa7 Qxa7 38. Qg4 Qa1+ 39. Kf2 Qb2 40. Ke2 c4
41. dxc4 d3+ 42. Kxd3 Qd4+ 43. Ke2 Qxc4+ 44. Ke1 Qd3 45. Bf5 Bxg3+ 46. Kd1 Ne5
47. Qh3 Nc4 0-1

[Event "Chorzow 2011"]
[Site "Chorzow"]
[Date "2011.03.29"]
[Round "5.5"]
[White "Blasiak, Miroslaw"]
[Black "Mulet, Piotr"]
[Result "0-1"]
[WhiteElo "1952"]
[BlackElo "2334"]
[PlyCount "122"]
[EventDate "2011.??.??"]

1. e4 c6 2. d4 d5 3. Nc3 dxe4 4. Nxe4 Bf5 5. Ng3 Bg6 6. h4 h6 7. Nf3 Nd7 8. h5
Bh7 9. Bd3 Bxd3 10. Qxd3 e6 11. Bd2 Ngf6 12. Qe2 Qc7 13. O-O-O O-O-O 14. Ne5
Nxe5 15. dxe5 Nd5 16. f4 Qb6 17. Ne4 Be7 18. Rh3 c5 19. Rb3 Qc6 20. c4 Nb6 21.
Nc3 a6 22. Be3 Kc7 23. Nb1 Rxd1+ 24. Kxd1 Qa4 25. Na3 Rd8+ 26. Kc1 Qc6 27. Kc2
Qe4+ 28. Kc1 Na4 29. Qc2 Qxc2+ 30. Kxc2 f6 31. Nb1 fxe5 32. fxe5 Kc6 33. Nd2
Rf8 34. g4 Nb6 35. Kd3 Bh4 36. Ke4 Be1 37. Rc3 Bxd2 38. Bxd2 Rf2 39. Bc1 Re2+
40. Kf4 Rf2+ 41. Ke4 Na4 42. Rf3 Rc2 43. Rf1 Rxc4+ 44. Kf3 Rc2 45. Kg3 Nxb2 46.
Bxb2 Rxb2 47. Rf7 c4 48. Rxg7 Re2 49. Rg6 c3 50. Rxe6+ Kd5 51. Re8 Rxe5 52. Rc8
Kd4 53. Kf4 Rg5 54. Rd8+ Kc4 55. Rc8+ Kd3 56. Rd8+ Ke2 57. Re8+ Kd2 58. Rd8+
Kc1 59. Rd7 Rb5 60. Ke3 c2 61. Rc7 Kb1 0-1

[Event "Chorzow 2011"]
[Site "Chorzow"]
[Date "2011.03.30"]
[Round "5.6"]
[White "Zowada, Kazimierz"]
[Black "Stepaniec, Lukasz"]
[Result "1/2-1/2"]
[WhiteElo "2146"]
[BlackElo "1916"]
[PlyCount "36"]
[EventDate "2011.??.??"]

1. d4 d5 2. Nf3 Nf6 3. c4 c6 4. e3 e6 5. Nc3 Nbd7 6. Qc2 Bd6 7. Bd3 dxc4 8.
Bxc4 b5 9. Be2 Bb7 10. e4 e5 11. Bg5 b4 12. Na4 Qa5 13. b3 exd4 14. e5 Bxe5 15.
Nxe5 Qxe5 16. Bxf6 Nxf6 17. O-O O-O 18. f3 Ba6 1/2-1/2

[Event "Chorzow 2011"]
[Site "Chorzow"]
[Date "2011.03.30"]
[Round "5.7"]
[White "Michalski, Edmund"]
[Black "Sroka, Janusz"]
[Result "0-1"]
[WhiteElo "1910"]
[BlackElo "2091"]
[PlyCount "100"]
[EventDate "2011.??.??"]

1. d4 Nf6 2. Nf3 d6 3. c4 g6 4. Nc3 Bg7 5. e4 O-O 6. Be2 e5 7. dxe5 dxe5 8.
Qxd8 Rxd8 9. Bg5 Re8 10. O-O-O Na6 11. h3 h6 12. Be3 c6 13. Rd2 Nd7 14. Rhd1
Nf8 15. Ne1 Ne6 16. Nc2 Nf4 17. Bf1 Bf8 18. f3 Be6 19. h4 Kh7 20. g3 Nh5 21.
Bf2 Be7 22. b3 g5 23. g4 Nf4 24. h5 b6 25. Kb2 Kg7 26. a3 Rec8 27. Ne3 Bf8 28.
Nf5+ Kf6 29. b4 Rab8 30. Be3 Rc7 31. c5 bxc5 32. Bxa6 cxb4 33. Na2 bxa3+ 34.
Ka1 Rb3 35. Rb1 Rxb1+ 36. Kxb1 c5 37. Nc3 Rc6 38. Bb5 Rb6 39. Ka1 a6 40. Ba4
Rb4 41. Bc6 Rb3 42. Rc2 Nd3 43. Bd5 c4 44. Bd2 Nb4 45. Rc1 Rb2 46. Bxg5+ Kxg5
47. Ne3 Rf2 48. Bxe6 fxe6 49. Nxc4 Bc5 50. Nxa3 Bd4 0-1

[Event "Chorzow 2011"]
[Site "Chorzow"]
[Date "2011.03.29"]
[Round "5.8"]
[White "Kaczmarek, Aleksander"]
[Black "Mucha, Piotr"]
[Result "1-0"]
[WhiteElo "2036"]
[BlackElo "1707"]
[PlyCount "61"]
[EventDate "2011.??.??"]

1. e4 c5 2. Nf3 d6 3. d4 cxd4 4. Nxd4 Nf6 5. Nc3 a6 6. h3 e6 7. g4 b5 8. Bg2
Bb7 9. a3 Nfd7 10. O-O Nc6 11. Nde2 Be7 12. Ng3 Nb6 13. Nh5 O-O 14. f4 g6 15.
Ng3 e5 16. f5 Bh4 17. Nge2 Bg5 18. Kh2 Nc4 19. Nd5 N6a5 20. f6 Bxd5 21. Bxg5
Bb7 22. b3 Nb6 23. Qe1 Nc6 24. Qh4 Kh8 25. Rad1 Qc7 26. Bh6 Rfe8 27. Bg7+ Kg8
28. Ng3 Nd4 29. Rxd4 exd4 30. Qh6 Rxe4 31. Bh8 1-0

[Event "Chorzow 2011"]
[Site "Chorzow"]
[Date "2011.03.30"]
[Round "5.9"]
[White "Przybylka, Damian"]
[Black "Solek, Zenon"]
[Result "1/2-1/2"]
[WhiteElo "2061"]
[BlackElo "1870"]
[PlyCount "130"]
[EventDate "2011.??.??"]

1. e4 c5 2. c3 d5 3. exd5 Qxd5 4. d4 Nc6 5. Nf3 Nf6 6. Na3 Bg4 7. Be2 cxd4 8.
Nb5 Qd8 9. cxd4 Qb6 10. O-O Bxf3 11. Bxf3 Qxb5 12. d5 Rd8 13. a4 Qa6 14. Bf4 e5
15. Re1 Be7 16. Bxe5 Nxe5 17. Rxe5 Qd6 18. Qe2 Rd7 19. Re1 Kf8 20. a5 h5 21. h3
g6 22. Qe3 b6 23. axb6 axb6 24. Rc1 Rc7 25. Rc6 Rxc6 26. dxc6 Bd8 27. Qc3 Bc7
28. Re3 Kg7 29. g3 h4 30. Bg2 hxg3 31. fxg3 b5 32. Kh1 Kg8 33. b4 Rh5 34. Qa1
Rg5 35. Qc3 Rxg3 36. Rxg3 Qxg3 37. Qxg3 Bxg3 38. Bf1 Nd5 39. Bxb5 Bd6 40. Kg2
Nc7 41. Bc4 Bxb4 42. Kf3 Kf8 43. Kf4 f6 44. h4 Bd6+ 45. Kg4 Kg7 46. h5 Be5 47.
hxg6 Kxg6 48. Bd3+ Kf7 49. Bc4+ Ke7 50. Kf5 Kd6 51. Bb3 Kxc6 52. Ba4+ Kd6 53.
Ke4 Nd5 54. Bc2 Ne7 55. Kf3 Kd5 56. Kg4 Kd4 57. Bb1 Nd5 58. Kf5 Ke3 59. Kg4 Nc3
60. Bc2 Ne4 61. Kf5 Nf2 62. Bb1 Nh1 63. Kg4 Ng3 64. Bc2 Kd4 65. Bb1 Kd5 1/2-1/2

[Event "Chorzow 2011"]
[Site "Chorzow"]
[Date "2011.03.30"]
[Round "5.10"]
[White "Rychlik, Bogdan"]
[Black "Bojdol, Robert"]
[Result "0-1"]
[WhiteElo "1823"]
[BlackElo "2053"]
[PlyCount "106"]
[EventDate "2011.??.??"]

1. e4 c5 2. Nf3 d6 3. d4 cxd4 4. Nxd4 Nf6 5. Nc3 a6 6. Bg5 e6 7. f4 Qb6 8. Qd2
Qxb2 9. Nb3 Qa3 10. Be2 Nbd7 11. O-O Qb4 12. Kh1 Nxe4 13. Nxe4 Qxe4 14. Bf3 Qa4
15. Rfe1 h6 16. Bh4 Nf6 17. c4 Be7 18. Rad1 O-O 19. Nd4 Ne4 20. Bxe4 Bxh4 21.
Rf1 Bf6 22. Qe2 d5 23. cxd5 Bxd4 24. Bc2 Qb4 25. Qd3 g6 26. Qxd4 Qxd4 27. Rxd4
exd5 28. f5 gxf5 29. h3 Be6 30. Bxf5 Rac8 31. Rh4 Kg7 32. Bd3 Rc3 33. Rf3 Rh8
34. Rb4 Rc7 35. a4 h5 36. Kh2 Rh6 37. Rg3+ Kf6 38. Rb6 Ke7 39. Rg5 Rd7 40. Rg8
Rf6 41. Rb8 Bf5 42. Rxf6 Kxf6 43. Be2 Bg6 44. Rc8 d4 45. Kg3 d3 46. Bd1 Rd4 47.
Rc5 Ke6 48. Rc7 Rb4 49. a5 Rb1 50. Bf3 d2 51. Kf4 d1=Q 52. Bxd1 Rxd1 53. Rxb7
Rd6 0-1

[Event "Chorzow 2011"]
[Site "Chorzow"]
[Date "2011.03.29"]
[Round "5.11"]
[White "Kazek, Krzysztof"]
[Black "Heimann, Adrian"]
[Result "1-0"]
[WhiteElo "2000"]
[BlackElo "1806"]
[PlyCount "49"]
[EventDate "2011.??.??"]

1. c4 Nf6 2. Nf3 g6 3. Nc3 Bg7 4. e4 d6 5. d4 O-O 6. Be2 Re8 7. O-O e5 8. dxe5
dxe5 9. Qxd8 Rxd8 10. Bg5 h6 11. Bxf6 Bxf6 12. Nd5 Rxd5 13. cxd5 Bd7 14. Rfd1
c6 15. Bc4 b5 16. Be2 Kg7 17. Rac1 a6 18. d6 g5 19. Ne1 Bd8 20. Nd3 f6 21. Nc5
Be8 22. Ne6+ Kg6 23. Nxd8 Bd7 24. h3 a5 25. Bg4 1-0

[Event "Chorzow 2011"]
[Site "Chorzow"]
[Date "2011.03.29"]
[Round "5.12"]
[White "Wozniak, Dawid"]
[Black "Rosicki, Marcin"]
[Result "1-0"]
[WhiteElo "1917"]
[BlackElo "1560"]
[PlyCount "99"]
[EventDate "2011.??.??"]

1. d4 Nf6 2. c4 c5 3. d5 b5 4. cxb5 a6 5. bxa6 Bxa6 6. Nc3 d6 7. Bg5 Nbd7 8.
Nf3 g6 9. Bxf6 Nxf6 10. Qa4+ Nd7 11. Qf4 Bg7 12. Qd2 Nb6 13. Rc1 O-O 14. b3 Nc8
15. e4 Bxf1 16. Kxf1 Qa5 17. Na4 Qb5+ 18. Qe2 Qb7 19. g3 Nb6 20. Nxb6 Qxb6 21.
Kg2 Ra3 22. Rc2 Rfa8 23. Rd1 Qa7 24. e5 dxe5 25. Nxe5 Rxa2 26. Nc6 Rxc2 27.
Qxc2 Qd7 28. Qxc5 e6 29. Ne7+ Kh8 30. b4 Bf8 31. Qc6 Rd8 32. d6 Qxc6+ 33. Nxc6
Rxd6 34. Rxd6 Bxd6 35. Kf3 Kg7 36. Ke4 Kf8 37. Kd4 Ke8 38. b5 f6 39. b6 Kd7 40.
Na7 g5 41. Nb5 Kc6 42. Nxd6 Kxd6 43. b7 Kc7 44. Kc5 f5 45. b8=Q+ Kxb8 46. Kd6
f4 47. Kxe6 fxg3 48. fxg3 h5 49. Kf5 h4 50. g4 1-0

[Event "Chorzow 2011"]
[Site "Chorzow"]
[Date "2011.03.29"]
[Round "5.15"]
[White "Gora, Tomasz"]
[Black "Galyga, Jozef"]
[Result "1/2-1/2"]
[WhiteElo "1868"]
[BlackElo "1946"]
[PlyCount "58"]
[EventDate "2011.??.??"]

1. e4 e6 2. d4 d5 3. exd5 exd5 4. Bd3 Nc6 5. c3 Bd6 6. Ne2 Nge7 7. Bf4 Bg4 8.
f3 Be6 9. Qc2 Qd7 10. Bxd6 Qxd6 11. Nd2 g6 12. Ng3 h5 13. O-O-O O-O-O 14. Rde1
Rde8 15. Ngf1 Nf5 16. Ne3 Nce7 17. Ndf1 Qf4 18. Kb1 Kb8 19. Qf2 Nd6 20. g3 Qf6
21. Nd2 g5 22. h4 Reg8 23. Reg1 Nef5 24. hxg5 Qxg5 25. Ndf1 c6 26. g4 hxg4 27.
Rxg4 Qf6 28. Rhg1 Re8 29. Rf4 Reg8 1/2-1/2

[Event "Chorzow 2011"]
[Site "Chorzow"]
[Date "2011.03.29"]
[Round "5.16"]
[White "Czornik, Janusz"]
[Black "Karpacz, Piotr"]
[Result "1/2-1/2"]
[WhiteElo "1837"]
[BlackElo "1747"]
[PlyCount "53"]
[EventDate "2011.??.??"]

1. e4 c5 2. Nf3 a6 3. d4 cxd4 4. Nxd4 e6 5. Nc3 b5 6. Bd3 Qb6 7. Nf3 Bc5 8. O-O
Nc6 9. Qd2 d6 10. b3 Nf6 11. Bb2 O-O 12. h3 Bb7 13. Ne2 e5 14. Ng3 Qc7 15. a4
bxa4 16. Rxa4 Ne7 17. Rfa1 Qc8 18. Qe2 Ng6 19. Bxa6 Nf4 20. Qf1 Bxa6 21. Rxa6
Qb7 22. Rxa8 Rxa8 23. Rxa8+ Qxa8 24. Qa1 Qb7 25. Qa5 Bb6 26. Qa4 h5 27. Ng5
1/2-1/2

[Event "Chorzow 2011"]
[Site "Chorzow"]
[Date "2011.03.30"]
[Round "5.17"]
[White "Santura, Janusz"]
[Black "Richter, Bronislaw"]
[Result "1/2-1/2"]
[WhiteElo "1900"]
[BlackElo "1802"]
[PlyCount "29"]
[EventDate "2011.??.??"]

1. d4 b5 2. e4 Bb7 3. f3 a6 4. c4 bxc4 5. Bxc4 e6 6. Nc3 Nc6 7. Nge2 Nge7 8.
O-O d5 9. Bd3 g6 10. Bg5 Bg7 11. e5 O-O 12. Rc1 f6 13. exf6 Bxf6 14. Bxf6 Rxf6
15. f4 1/2-1/2

[Event "Chorzow 2011"]
[Site "Chorzow"]
[Date "2011.03.29"]
[Round "5.18"]
[White "Wiechowski, Bronislaw"]
[Black "Ociepka, Tomasz"]
[Result "0-1"]
[WhiteElo "1884"]
[BlackElo "1894"]
[PlyCount "68"]
[EventDate "2011.??.??"]

1. e4 c5 2. Nc3 g6 3. Bc4 Nc6 4. a3 Bg7 5. d3 e6 6. Nge2 Nge7 7. Bg5 O-O 8. O-O
a6 9. Ng3 h6 10. Bf4 b5 11. Ba2 d6 12. Rb1 Nd4 13. Nce2 d5 14. Nxd4 cxd4 15.
Qe2 Bb7 16. Bd2 Rc8 17. Rbc1 dxe4 18. dxe4 Nc6 19. f4 d3 20. cxd3 Bxb2 21. Rcd1
Qe7 22. Be3 Qxa3 23. Rb1 Bg7 24. f5 exf5 25. exf5 Nd4 26. Bxd4 Bxd4+ 27. Kh1
Rce8 28. Bxf7+ Kxf7 29. fxg6+ Kg8 30. Rxf8+ Qxf8 31. Qg4 Bg7 32. Rf1 Qd6 33.
Nh5 Qxd3 34. Rd1 Bxg2+ 0-1

[Event "Chorzow 2011"]
[Site "Chorzow"]
[Date "2011.03.29"]
[Round "5.19"]
[White "Fraczek, Leslaw"]
[Black "Klementys, Jerzy"]
[Result "1-0"]
[WhiteElo "1887"]
[BlackElo "1781"]
[PlyCount "67"]
[EventDate "2011.??.??"]

1. d4 Nf6 2. c4 g6 3. g3 Bg7 4. Bg2 O-O 5. Nc3 d6 6. Nf3 c5 7. d5 e6 8. O-O
exd5 9. cxd5 a6 10. a4 b6 11. Nd2 Ne8 12. Nc4 f5 13. e4 Ra7 14. Be3 Rb7 15. Qd2
b5 16. axb5 axb5 17. Na5 Rb6 18. b4 Ra6 19. Nc6 Nxc6 20. Rxa6 Bxa6 21. dxc6
cxb4 22. Nd5 Qa5 23. Rc1 Nf6 24. Bb6 Qa3 25. exf5 gxf5 26. Ne7+ Kh8 27. c7 Bc8
28. Nxc8 Rxc8 29. Bb7 Ne4 30. Qe1 Bc3 31. Bxc8 Qb2 32. Rxc3 Qxc3 33. Qxc3+ bxc3
34. Bd4+ 1-0

[Event "Chorzow 2011"]
[Site "Chorzow"]
[Date "2011.03.30"]
[Round "5.20"]
[White "Faron, Rafal"]
[Black "Zielinski, Hubert"]
[Result "1-0"]
[WhiteElo "1798"]
[BlackElo "1885"]
[PlyCount "95"]
[EventDate "2011.??.??"]

1. d4 Nf6 2. c4 c5 3. d5 d6 4. Nc3 g6 5. g3 Bg7 6. Bg2 O-O 7. Nf3 e6 8. O-O
exd5 9. cxd5 a6 10. a4 Re8 11. Re1 Qc7 12. e4 Bg4 13. h3 Bxf3 14. Qxf3 Nbd7 15.
a5 c4 16. Be3 Ne5 17. Qd1 Nfd7 18. Bf1 Nc5 19. Bxc5 Qxc5 20. Kg2 Rac8 21. f4
Nd3 22. Bxd3 cxd3 23. Qxd3 Bxc3 24. bxc3 Qxc3 25. Qxc3 Rxc3 26. Rab1 Rc5 27.
Rxb7 Rxd5 28. exd5 Rxe1 29. Rb6 Rc1 30. Rxd6 Rc5 31. Rxa6 Rxd5 32. Ra8+ Kg7 33.
a6 Rd3 34. a7 Ra3 35. Kf2 h6 36. g4 Kf6 37. Ke2 h5 38. Kd2 Ra2+ 39. Ke3 Ra1 40.
Kd4 hxg4 41. hxg4 Ra4+ 42. Kc5 Ra1 43. Kb6 Rb1+ 44. Kc6 Rc1+ 45. Kd7 Rd1+ 46.
Ke8 Ra1 47. Kf8 Ra6 48. Rb8 1-0

[Event "Chorzow 2011"]
[Site "Chorzow"]
[Date "2011.03.30"]
[Round "5.21"]
[White "Buchowski, Adam"]
[Black "Czornik, Adam"]
[Result "0-1"]
[WhiteElo "1839"]
[BlackElo "1764"]
[PlyCount "107"]
[EventDate "2011.??.??"]

1. e4 e6 2. d4 d5 3. exd5 exd5 4. Bd3 Nc6 5. c3 Bd6 6. Nf3 Bg4 7. Be3 Qd7 8. b4
Nge7 9. h3 Bh5 10. O-O O-O 11. Re1 Rfe8 12. Nbd2 Bg6 13. Nb3 Nf5 14. b5 Nxe3
15. fxe3 Ne7 16. Bxg6 Nxg6 17. Qd3 c6 18. a4 Re7 19. Nbd2 f5 20. Nf1 Rae8 21.
Red1 f4 22. Re1 c5 23. exf4 c4 24. Rxe7 Rxe7 25. Qd1 Nxf4 26. Ra2 Qe8 27. Kh1
Nd3 28. Qc2 Qg6 29. Qd2 Bf4 30. Qc2 Bg3 31. Nxg3 Qxg3 32. Qd2 h6 33. Rc2 g5 34.
Ra2 Kg7 35. a5 Re4 36. a6 b6 37. Rc2 Kg6 38. Ra2 Kf5 39. Rc2 Re8 40. Ra2 Re7
41. Rc2 h5 42. Ne5 Nxe5 43. dxe5 Rxe5 44. Rc1 Qe3 45. Qc2+ Re4 46. Rf1+ Ke6 47.
Qd1 g4 48. h4 Qxc3 49. Kh2 d4 50. Rf8 Qe1 51. Re8+ Kd5 52. Qxe1 Rxe1 53. Rxe1
d3 54. Re7 0-1